Erkennt Bhutan das Land an? - Sudden Death - Statistiken

Allgemein
  • Dieses Quiz wurde 23 mal gespielt
  • Das Durchschnittsergebnis liegt bei 3 aus 19
Answers on the Grid
Answers color-coded by a green-red scale on the quiz's grid according to % correct below.
Frankreich
Aserbaidschan
USA
Thailand
Deutschland
China
Sudan
Türkei
Indien
Mexiko
Japan
Peru
Brasilien
Russland
Ägypten
Kanada
Iran
Argentinien
Kasachstan
Kambodscha
Neuseeland
Malaysia
Lesotho
Australien
Indonesien
Südafrika
Israel
Oman
Italien
Pakistan
Mongolei
Griechenland
Kolumbien
 
Antwortstatistiken
Antwort % Korrekt
Deutschland
76%
Japan
29%
Aserbaidschan
24%
Indien
18%
Ägypten
12%
Argentinien
12%
Australien
12%
Brasilien
12%
Mongolei
12%
Pakistan
12%
Thailand
12%
Türkei
12%
Indonesien
6%
Israel
6%
Kanada
6%
Kasachstan
6%
Kolumbien
0%
Lesotho
0%
Oman
0%
Keine übereinstimmenden Quizze gefunden
Verteilung der Resultate
Anzahl Personen mit jedem Resultat
Perzentil nach korrekt beantworteten Fragen
Ihre Resultats-Entwicklung
Sie haben dieses Quiz noch nicht gespielt